[Event "2nd Viking IM"]
[Site "York ENG"]
[Date "2000.12.21"]
[Round "9"]
[White "Taylor,P"]
[Black "Krutti,V"]
[Result "1/2-1/2"]
[WhiteElo "2191"]
[BlackElo "2397"]

1.c4 c6 2.d4 g6 3.Nc3 Bg7 4.e4 d5 5.cxd5 cxd5 6.exd5 Nf6 7.Qb3 O-O 8.Be2 Nbd7
9.Bf3 Nb6 10.Nge2 Bf5 11.Bf4 Bd3 12.d6 exd6 13.O-O Re8 14.Rfd1 Bc4 15.Qb4 Bf8
16.Ng3 a5  1/2-1/2

[Event "Eastern Open"]
[Site "Washington DC USA"]
[Date "2000.12.28"]
[Round "3"]
[White "Kaufman,La"]
[Black "Figler,I"]
[Result "1/2-1/2"]
[WhiteElo "2397"]
[BlackElo "2360"]

1.c4 c6 2.d4 d5 3.Nc3 Nf6 4.e3 a6 5.Bd2 Bg4 6.Qb3 Ra7 7.h3 Bh5 8.cxd5 cxd5
9.g4 Bg6 10.Nf3 e6 11.Ne5 Nfd7 12.Nxg6 hxg6 13.O-O-O Nc6 14.Kb1 b5 15.Rc1 Na5
16.Qd1 Nc4 17.Bxc4 dxc4 18.e4 Rb7 19.Be3 Be7 20.d5 Ne5 21.dxe6 fxe6 22.Qxd8+ Bxd8
23.Rcd1 Nd3 24.Ne2 Bb6 25.Bxb6 Rxb6 26.Rh2  1/2-1/2

[Event "3rd Hilton Open"]
[Site "Basle SUI"]
[Date "2001.01.01"]
[Round "1"]
[White "Moeschinger,M"]
[Black "Blaeser,R"]
[Result "1/2-1/2"]
[WhiteElo "2181"]
[BlackElo "2235"]

1.c4 c6 2.Nc3 d5 3.d4 Nf6 4.Nf3 Bf5 5.Qb3 Qb6 6.Qxb6 axb6 7.cxd5 Nxd5 8.Nxd5 cxd5
9.Bf4 e6 10.a3 Nc6 11.e3 Bb4+ 12.Nd2 Bxd2+ 13.Kxd2 Na5 14.Bb5+ Ke7 15.Ke2 Rhc8
16.Bd3 Bxd3+ 17.Kxd3 Nb3 18.Rab1 Rc6 19.e4 dxe4+ 20.Kxe4 Rd8 21.Rhd1 Rc4
22.Be3 Ra4 23.f4 f5+ 24.Kf3 Nxd4+ 25.Kf2 Nc6 26.g3 Rxd1 27.Rxd1 Rc4 28.Rd2 b5
29.Kg1 b4 30.Rd3 bxa3 31.bxa3 Nd8 32.Rb3 Rc7 33.Rd3 Rd7 34.Bc5+ Ke8 35.Re3 Kf7
36.Kg2 Nc6 37.Rb3 Na5 38.Rb4 Nc6 39.Ra4 Rd5 40.Bf2 Ra5 41.Rxa5 Nxa5 42.Kf3 Ke7
43.Bc5+ Kd7 44.Ke3 b6 45.Bf8 g6 46.Kd4 Nc6+  1/2-1/2

[Event "Troll Masters"]
[Site "Gausdal NOR"]
[Date "2001.01.05"]
[Round "1"]
[White "Johannessen,LE"]
[Black "Johansen,Te"]
[Result "1/2-1/2"]
[WhiteElo "2416"]
[BlackElo "2210"]

1.c4 c6 2.d4 d5 3.Nc3 Nf6 4.e3 g6 5.Nf3 Bg7 6.Be2 O-O 7.O-O Bg4 8.cxd5 cxd5
9.Qb3 b6 10.h3 Bxf3 11.Bxf3 e6 12.Bd2 Nc6 13.Na4 Qd7 14.Rfc1 Rfc8 15.Be2 Ne4
16.Be1 Nd6 17.Ba6 Rc7 18.Rc2 Nb8 19.Bd3 Nc4 20.Rac1 b5 21.Nc5 Qe8 22.a4 a6
23.Qa2 Nd7 24.Nxd7 Rxd7 25.b3 Nd6 26.Rc6 Bf8 27.Bb4 Qb8 28.Ba5 Raa7 29.Qd2 Kg7
30.Bb6 Ra8 31.Qe2 Qb7 32.axb5 axb5 33.Bxb5 Nxb5 34.Qxb5 Ra6 35.g3 Be7 36.Rc7 Rxc7
37.Rxc7 Qxb6 38.Qxb6 Rxb6 39.Rxe7  1/2-1/2

[Event "Bundesliga 2000-1"]
[Site "Luebeck GER"]
[Date "2001.01.07"]
[Round "5"]
[White "Hansen,LB"]
[Black "Mueller,Ka"]
[Result "1-0"]
[WhiteElo "2562"]
[BlackElo "2513"]

1.c4 c6 2.e4 d5 3.exd5 Nf6 4.Nc3 cxd5 5.cxd5 Nxd5 6.Nf3 e6 7.Bc4 Nc6 8.O-O Be7
9.d4 O-O 10.Re1 Nf6 11.a3 Bd7 12.Bf4 Rc8 13.Ba2 Na5 14.Ne5 Bxa3 15.bxa3 Rxc3
16.Bd2 Rc8 17.Bg5 Bc6 18.Ng4 Kh8 19.Qd3 Nxg4 20.Bb1 g6 21.Bxd8 Rfxd8 22.Qc3 Rd5
23.Be4 Rcd8 24.Bxd5 Rxd5 25.Qf3 Nh6 26.Re5 Nf5 27.Rxd5 Bxd5 28.Qf4 Nc6 29.Qc7 Kg7
30.Qxb7 Ncxd4 31.Qb2 e5 32.Rc1 Nh4 33.f3 Bc6 34.Rc5 Kf6 35.Qb8 Nhf5 36.Qxe5+  1-0

[Event "Bundesliga 2000-1"]
[Site "Schott Mainz GER"]
[Date "2001.01.07"]
[Round "5"]
[White "Kosten,A"]
[Black "Doettling,F"]
[Result "1/2-1/2"]
[WhiteElo "2524"]
[BlackElo "2473"]

1.c4 c6 2.Nf3 d5 3.e3 Nf6 4.b3 Bg4 5.Bb2 e6 6.h3 Bh5 7.Be2 Nbd7 8.d3 Bb4+
9.Nc3 Bxf3 10.Bxf3 Ne5 11.Be2 d4 12.exd4 Qxd4 13.Qc2 Qf4 14.Rd1 Rd8 15.O-O Bd6
16.g3 Nf3+ 17.Bxf3 Qxf3 18.Ne4 Nxe4 19.dxe4 O-O 20.Qc3 Qxc3 21.Bxc3 Bc7 22.Kg2 Rxd1
23.Rxd1 Rd8 24.Rxd8+ Bxd8 25.g4 g6 26.e5 h5 27.Bb4 hxg4 28.hxg4 f5 29.exf6 Bxf6
30.Bc5 a6 31.Kf3 Kf7 32.Ke4 Bg7 33.a4 Bf6 34.f4 Bg7 35.Bd6 Ke8 36.Be5 Bf8
37.Bf6 Bd6 38.Bd4 Kd7 39.Be5  1/2-1/2

[Event "Troll Masters"]
[Site "Gausdal NOR"]
[Date "2001.01.10"]
[Round "7"]
[White "Hansen,Vi"]
[Black "Johansson,P"]
[Result "1-0"]
[WhiteElo "2155"]
[BlackElo "2082"]

1.c4 c6 2.d4 d5 3.Nf3 Nf6 4.Nc3 dxc4 5.a4 Bf5 6.e3 e6 7.Bxc4 Bb4 8.O-O Nbd7
9.Qb3 a5 10.Na2 Be7 11.Nd2 Qc7 12.h3 O-O 13.Nc3 e5 14.Nf3 exd4 15.exd4 Nb6
16.Bf4 Qxf4 17.Qxb6 Bxh3 18.Ne2 Qg4 19.Ng3 Bxg2 20.Kxg2 Nh5 21.Ne1 Nf4+ 22.Kg1 Bb4
23.Ng2 Nh3+ 24.Kh2 Ng5 25.f4 Qh3+ 26.Kg1 Qxg3 27.fxg5 Bd6 28.Rxf7 Kh8 29.Qb3 Qh2+
30.Kf2 Qh5 31.Qf3 Qxg5 32.Ne3 Qh4+ 33.Ke2 Qxd4 34.Rh1 Qxb2+ 35.Kd3 Qa3+ 36.Kc2 Qc5
37.Qe4  1-0

[Event "Corus B"]
[Site "Wijk aan Zee NED"]
[Date "2001.01.17"]
[Round "2"]
[White "Bosboom,M"]
[Black "Luther,T"]
[Result "1-0"]
[WhiteElo "2439"]
[BlackElo "2544"]

1.c4 c6 2.Nf3 d5 3.Qc2 Nf6 4.g3 Bg4 5.Bg2 Nbd7 6.O-O e6 7.d3 dxc4 8.dxc4 Bf5
9.Qc3 Qb6 10.Be3 Bc5 11.Bxc5 Nxc5 12.b4 Nce4 13.Qb3 Rd8 14.c5 Qb5 15.e3 Nd5
16.g4 Bg6 17.Ne5 Nxb4 18.Bxe4 Bxe4 19.Nc3 Bc2 20.Nxb5 Bxb3 21.Nd6+ Rxd6 22.cxd6 Bxa2
23.Rfd1 f6 24.Nd3 Nxd3 25.Rxa2 Nc5 26.Ra5 b6 27.Rxa7 O-O 28.Rc7 Rb8  1-0

[Event "Tch-AUT 2000-01"]
[Site "Graz AUT"]
[Date "2001.01.19"]
[Round "6"]
[White "Agrest,E"]
[Black "Lehner,O"]
[Result "1-0"]
[WhiteElo "2531"]
[BlackElo "2417"]

1.c4 c6 2.Nf3 d5 3.e3 Nf6 4.Nc3 g6 5.Be2 Bg7 6.O-O O-O 7.d4 dxc4 8.Bxc4 Bg4
9.h3 Bxf3 10.Qxf3 Nbd7 11.a4 Ne8 12.Rd1 Nd6 13.Ba2 e5 14.dxe5 Nxe5 15.Qe2 g5
16.e4 Ng6 17.Qh5 Qe7 18.Bxg5 Qe5 19.Qg4 Rae8 20.Be3 b6 21.f4 Qe7 22.e5 Rd8
23.Re1 Nb7 24.Ne4 Kh8 25.Qh5 f6 26.Rac1 Qb4 27.Bb1 Rd5 28.Nc3  1-0

[Event "Tch-AUT 2000-01"]
[Site "Graz AUT"]
[Date "2001.01.20"]
[Round "7"]
[White "Enigl,K"]
[Black "Fahrner,K"]
[Result "0-1"]
[WhiteElo "2205"]
[BlackElo "2352"]

1.c4 c6 2.d4 d5 3.e3 Nf6 4.Nf3 Bf5 5.Nc3 e6 6.Bd3 Bxd3 7.Qxd3 Nbd7 8.O-O Bb4
9.Bd2 a5 10.Ne2 O-O 11.Ng3 Qb6 12.c5 Qa6 13.Qxa6 Rxa6 14.Rfc1 Rfa8 15.Rc2 Ne4
16.Bc1 Nxg3 17.hxg3 a4 18.Bd2 Bxd2 19.Nxd2 e5 20.dxe5 Ra5 21.Rac1 Nxe5 22.Rc3 Rb5
23.b3 Raa5 24.Nf3 Nd7 25.bxa4 Rxc5 26.Rxc5 Nxc5 27.Nd4 Ne6 28.Nxe6 fxe6 29.Rb1 Ra7
30.a5 Kf7 31.Rb6 Kf6 32.g4 h6 33.g3 Rxa5 34.Rxb7 Rxa2 35.Kg2 Rc2 36.Rc7 c5
37.Kf1 c4 38.Ke1 Ra2 39.Kf1 g6 40.Ke1 Ke5 41.f3 Kd6 42.Rh7 c3 43.Kd1 Rg2
44.Rxh6 Kc5 45.Rh8  0-1

[Event "Open"]
[Site "Ubeda ESP"]
[Date "2001.01.22"]
[Round "2"]
[White "Anastasian,A"]
[Black "Rivas Pastor,M"]
[Result "1/2-1/2"]
[WhiteElo "2548"]
[BlackElo "2425"]

1.c4 c6 2.g3 d5 3.Bg2 Nf6 4.Nf3 g6 5.O-O Bg7 6.d4 O-O 7.Qb3 b6 8.Nc3 Bb7
9.Rd1 Nbd7 10.Bf4 e6 11.a4 a5 12.Bd6 Re8 13.Ne5 Nxe5 14.Bxe5 Ba6 15.cxd5 exd5
16.Rac1 Bh6 17.Bxf6 Qxf6 18.e3 Rab8 19.Qc2 Bc8 20.Na2 Bd7 21.b4 axb4 22.Nxb4 Rec8
23.Na2 Bf8 24.Qb2 Bd6 25.Nc3 Qe7 26.Ra1 Bf5 27.Ne2 h5 28.Nf4 h4 29.Re1 hxg3
30.hxg3 g5 31.Ne2 Re8 32.Nc3 Bb4 33.Re2 Bd3 34.Rd2 Bg6 35.Re2 Bd3 36.Rd2 Bg6
37.Re2  1/2-1/2

[Event "Open"]
[Site "Ubeda ESP"]
[Date "2001.01.22"]
[Round "2"]
[White "Labib,I"]
[Black "Perez,Rod"]
[Result "1-0"]
[WhiteElo "2426"]
[BlackElo "2492"]

1.c4 c6 2.e4 d5 3.exd5 cxd5 4.cxd5 Nf6 5.Nc3 Nxd5 6.Nf3 e6 7.Bc4 Nc6 8.O-O Be7
9.d4 O-O 10.a3 Nxc3 11.bxc3 b6 12.Qd3 Bb7 13.Ba2 Rc8 14.Re1 Re8 15.Bf4 Bf6
16.Rad1 Na5 17.Ne5 Bxe5 18.Rxe5 Bd5 19.Bxd5 exd5 20.Qf3 Nc4 21.Rxd5 Qe7 22.h3 Qxa3
23.Rd7 Qa4 24.Rb7 Na5 25.Rxa7 Rxc3 26.Qxc3 Qxd1+ 27.Kh2 Qe2 28.d5 Qe4 29.Qe3 Qa4
30.Qf3  1-0

[Event "Open"]
[Site "Ubeda ESP"]
[Date "2001.01.24"]
[Round "4"]
[White "Anastasian,A"]
[Black "Sakaev,K"]
[Result "1-0"]
[WhiteElo "2548"]
[BlackElo "2639"]

1.c4 c6 2.Nf3 d5 3.Qc2 Nf6 4.g3 g6 5.Bg2 Bg7 6.O-O O-O 7.d3 Re8 8.e4 e5 9.Bg5 dxe4
10.dxe4 Na6 11.Nc3 Qe7 12.h3 Nc5 13.Be3 Nh5 14.Rad1 Ne6 15.Rfe1 Qf8 16.Qe2 b6
17.Qc2 Bb7 18.Rd7 Re7 19.Rd2 Rae8 20.Qd1 Kh8 21.Rd6 c5 22.Nd5 Bxd5 23.cxd5 Nd4
24.b4 cxb4 25.Nxd4 exd4 26.Bd2 Rc7 27.Qa4 Be5 28.Rc6 Rxc6 29.Qxc6 Rc8 30.Qa4 a5
31.f4 Bg7 32.Kh2 d3 33.Qb5 Rc2 34.Qxd3 Rxa2 35.e5 Ra3 36.Qc2 Rxg3 37.d6 b3
38.Qc4  1-0

[Event "26th Speed Chess Open"]
[Site "Aubervilliers FRA"]
[Date "2001.01.28"]
[Round "8"]
[White "Miezis,N"]
[Black "Fontaine,R"]
[Result "1/2-1/2"]
[WhiteElo "2532"]
[BlackElo "2451"]

1.c4 c6 2.e4 d5 3.cxd5 cxd5 4.exd5 Nf6 5.Qa4+ Nbd7 6.Nc3 g6 7.g3 Bg7 8.Bg2 O-O
9.d4 Nb6 10.Qb3 Bf5 11.Nf3 Nfxd5 12.O-O Nxc3 13.bxc3 Be6 14.Qd1 Rc8 15.Bd2 Bd5
16.Re1 e6 17.h4 Nc4 18.Bg5 Qa5 19.Be7 Rfe8 20.Bb4 Qc7 21.Bf1 Bxf3 22.Qxf3 Nd2
23.Qf4 Qxf4 24.gxf4 Nf3+ 25.Kg2 Nxe1+ 26.Rxe1 Bf8 27.Bxf8 Kxf8 28.c4 Red8
29.Rd1 Rd6 30.Kf3 Rcd8 31.Ke4 b6 32.Be2 Ke7 33.h5 f6 34.a4 e5 35.fxe5 fxe5
36.d5 Rf6 37.hxg6 hxg6 38.Kxe5 Rf5+ 39.Kd4 Rxf2 40.Bd3 Rf4+ 41.Ke5 Rh4 42.Rg1 Rg8
43.a5 Rh5+ 44.Kd4 Kd6 45.axb6 axb6 46.Re1 Rh4+ 47.Kc3 Rc8 48.Kb4 Rd4 49.Bf1 Rf4
50.Re6+ Kc7 51.Bd3 Rcf8 52.Rxg6 R4f6 53.Rg1 Rf3 54.Be4 R3f4 55.Bd3 Rf3 56.Be4 R3f4
57.Bd3 R8f6 58.Rg7+ Rf7 59.Rg6 R4f6 60.Rg5 Rf3 61.Be4 Re3 62.Bc2 Rf2 63.Rg7+ Kb8
64.d6 Rxc2 65.Rg8+ Kb7 66.d7 Rb2+ 67.Ka4 Ra2+ 68.Kb4 Rb2+ 69.Ka4 Ra2+ 70.Kb4 Raa3
71.Rb8+ Kc6 72.Rxb6+ Kxd7 73.Rh6 Reb3+ 74.Kc5 Ra5+ 75.Kd4 Rb1 76.Rh7+ Kc8
77.Rh8+ Kb7 78.Rh7+ Kb8 79.Rh8+ Ka7 80.Rh7+ Rb7 81.Rh8 Rd7+ 82.Kc3 Rc5 83.Kb4 Rdc7
84.Rh4 R7c6 85.Rg4 Kb6 86.Rh4 Re5 87.Rg4 Re1 88.Rh4 Rb1+ 89.Kc3 Rf6 90.Kc2 Rb4
91.Kc3 Ra4 92.Kb3 Ra1 93.Kb4 Rb1+ 94.Kc3 Rf3+ 95.Kd4 Rd1+ 96.Ke4 Rc3 97.Rh6+ Kc5
98.Rh4 Kxc4 99.Rh8 Re1+ 100.Kf4  1/2-1/2

[Event "80th Ann. FSI"]
[Site "FICS INT"]
[Date "2001.02.01"]
[Round "8"]
[White "Corvi,M"]
[Black "Alaimo,R"]
[Result "1/2-1/2"]
[WhiteElo "2319"]
[BlackElo "2176"]

1.c4 c6 2.Nf3 Nf6 3.b3 d5 4.Bb2 Bg4 5.e3 e6 6.Be2 Be7 7.h3 Bh5 8.O-O O-O
9.d3 Nbd7 10.Nbd2 a5 11.a3 Bg6 12.cxd5 cxd5 13.Rc1 h6 14.Rc2 Rc8 15.Rxc8 Qxc8  1/2-1/2

[Event "TCh-FRA"]
[Site "Monaco FRA"]
[Date "2001.02.03"]
[Round "2"]
[White "Dorfman,J"]
[Black "Magem Badals,J"]
[Result "1/2-1/2"]
[WhiteElo "2602"]
[BlackElo "2506"]

1.c4 c6 2.d4 d5 3.e3 Nf6 4.Nc3 a6 5.Qc2 g6 6.Nf3 Bg7 7.Bd3 O-O 8.O-O Bg4
9.Ne5 Be6 10.Bd2 dxc4 11.Bxc4 Bxc4 12.Nxc4 Nbd7 13.b4 Qc7 14.f4 Nd5 15.Ne4 b6
16.Rac1 Rac8 17.Ne5 Nxe5 18.dxe5 f6 19.exf6 exf6 20.Nc3 Qf7 21.Nxd5 Qxd5
22.e4 Qd4+ 23.Kh1 Rfe8 24.Rfe1 c5 25.bxc5 bxc5 26.Bc3 Qc4 27.Qf2 Rxe4 28.Bxf6 Rxe1+
29.Qxe1 Qf7 30.Bxg7 Kxg7 31.Qe5+ Qf6 32.Qe4 Rc7 33.Qc4 Qf7 34.Qxa6 Qxf4 35.Rf1 Qe5
36.Qc4 Re7 37.h3 Qd4  1/2-1/2

[Event "9th Aosta Valley"]
[Site "Saint Vincent ITA"]
[Date "2001.02.04"]
[Round "2"]
[White "Timoscenko,G"]
[Black "Dittmar,P"]
[Result "1-0"]
[WhiteElo "2525"]
[BlackElo "2339"]

1.c4 c6 2.Nf3 d5 3.e3 Nf6 4.Nc3 Bg4 5.cxd5 Bxf3 6.Qxf3 cxd5 7.d4 Nc6 8.Bd3 e6
9.O-O Bd6 10.Rd1 O-O 11.Qh3 g6 12.Bd2 Rc8 13.Be1 a6 14.Rac1 b5 15.Qf3 Nd7
16.Bf1 Qf6 17.Qe2 Rc7 18.a4 b4 19.Na2 a5 20.g3 Rfc8 21.b3 Qd8 22.Bg2 Nf6
23.Qd3 Bf8 24.Qb1 Bd6 25.Qd3 Bf8 26.Kf1 Bd6 27.Rd2 Ne7 28.Rdc2 Rxc2 29.Rxc2 Rxc2
30.Qxc2 Qc7 31.Qxc7 Bxc7 32.Nc1 Bd6 33.Nd3 Kf8 34.Ke2 Ke8 35.f3 Nd7 36.h4 h6
37.g4 g5 38.f4 f6 39.hxg5 hxg5 40.Bd2 Nc6 41.f5 Kf7 42.Nf2 Nb6 43.fxe6+ Kxe6
44.Kd3 Bg3 45.Nd1 Ne7 46.e4 Bc7 47.Ne3 Bf4 48.exd5+ Nexd5 49.Nxd5 Nxd5 50.Be1 Kd6
51.Bf3 Nb6 52.Bf2 Bh2 53.Bb7 Kc7 54.Ba6 Kd6 55.Ke4 Bf4 56.Bb7 Kc7 57.Bd5 Kd6
58.Bg8 Nc8 59.d5 Be5 60.Be6 Kc7 61.Bxc8  1-0

[Event "9th Aosta Valley"]
[Site "Saint Vincent ITA"]
[Date "2001.02.06"]
[Round "4"]
[White "Drasko,M"]
[Black "Dittmar,P"]
[Result "1-0"]
[WhiteElo "2510"]
[BlackElo "2339"]

1.c4 c6 2.d4 d5 3.e3 Nf6 4.Nc3 a6 5.Qc2 b5 6.b3 Bg4 7.Nge2 Bh5 8.Nf4 Bg6
9.Nxg6 hxg6 10.g3 e6 11.Bg2 Nbd7 12.O-O Rc8 13.a4 Bb4 14.Bd2 O-O 15.axb5 axb5
16.cxb5 cxb5 17.Qd3 Qb6 18.Rfd1 Bxc3 19.Bxc3 b4 20.Be1 Ra8 21.Ra4 Rxa4 22.bxa4 Ra8
23.Qb3 Qa5 24.Ra1 Rb8 25.f3 e5 26.Bf1 exd4 27.exd4 Nf8 28.Rd1 Ne6 29.Bb5 g5
30.Qxb4 Qb6 31.g4 Rc8 32.a5 Qa7 33.Bf1 Rf8 34.Qc3 Nd7 35.Bg3 Ra8 36.Qc6 Ndf8
37.a6 Ng6 38.Qb7 Ngf4 39.Qxa7 Rxa7 40.Be1 Nc7 41.Ra1 Nfe6 42.Bb4 f6 43.Bd6 Kf7
44.Bxc7 Nxc7 45.Rb1  1-0

[Event "12th Goodricke Open"]
[Site "Calcutta IND"]
[Date "2001.02.09"]
[Round "4"]
[White "Sorokin,M"]
[Black "Abdulla,Al"]
[Result "1-0"]
[WhiteElo "2538"]
[BlackElo "2359"]

1.c4 c6 2.Nf3 d5 3.d4 Nf6 4.e3 Bg4 5.h3 Bh5 6.cxd5 Bxf3 7.Qxf3 cxd5 8.Nc3 Nc6
9.Bd3 e6 10.Bd2 Bd6 11.Rc1 Rc8 12.O-O O-O 13.Rfd1 Qe7 14.Be1 a6 15.a3 Rc7
16.Rc2 Rfc8 17.Rdc1 Na7 18.Kh1 h6 19.g4 b5 20.Qg2 a5 21.Ne2 Rxc2 22.Rxc2 Rxc2
23.Bxc2 b4 24.a4 Qc7 25.Bd3 b3 26.Qf1 Qc6 27.Bxa5 Qxa4 28.Bd2 Ne4 29.Bxe4 dxe4
30.Nc3 Qc6 31.Qa1 Bb8 32.Qa5 Qd6 33.Kg1 Qh2+ 34.Kf1 Qxh3+ 35.Ke1 Qh1+ 36.Ke2 Qh2
37.Qb6 Kh7 38.Nxe4 Nc8 39.Qxb3 Qg2 40.Qxb8 Qxe4 41.Qxc8 Qxg4+ 42.Kd3 h5 43.Qb7 f5
44.Qh1  1-0

[Event "9th Aosta Valley"]
[Site "Saint Vincent ITA"]
[Date "2001.02.09"]
[Round "7"]
[White "Contin,D"]
[Black "Ortega,Le"]
[Result "0-1"]
[WhiteElo "2383"]
[BlackElo "2472"]

1.c4 c6 2.e4 d5 3.exd5 cxd5 4.d4 Nf6 5.Nc3 e6 6.Nf3 Bb4 7.cxd5 Nxd5 8.Bd2 O-O
9.Bd3 Nc6 10.O-O Be7 11.Qe2 Nf6 12.Be3 b6 13.Rad1 Nb4 14.Bc4 Bb7 15.Ne5 Rc8
16.Bg5 Nfd5 17.Bd2 Nxc3 18.bxc3 Nd5 19.Rc1 Ba3 20.Rb1 Bd6 21.Rb3 Bxe5 22.dxe5 Qh4
23.f4 Rfd8 24.Bd3 g6 25.f5 exf5 26.c4 Nc7 27.Bxf5 gxf5 28.Rg3+ Kf8 29.Bb4+ Ke8
30.Rd1 Rd4 31.Rg8+ Kd7 32.Bc3 Ne6 33.Bxd4 Nxd4 34.Qe3 Rxc4 35.g4 Kc7 36.Rxd4 Rxd4
37.Qc3+ Bc6 38.Rc8+ Kxc8 39.Qxc6+ Kb8  0-1

[Event "TCh-FIN 00-01"]
[Site "FIN"]
[Date "2001.02.10"]
[Round "7"]
[White "Tanner,H"]
[Black "Lindqvist,TE"]
[Result "0-1"]
[WhiteElo "2250"]
[BlackElo "2232"]

1.c4 c6 2.g3 d5 3.Bg2 Nf6 4.Nf3 Bf5 5.b3 e6 6.Bb2 Nbd7 7.O-O Be7 8.d3 h6
9.Nbd2 O-O 10.Qc2 a5 11.e4 dxe4 12.dxe4 Bh7 13.Rad1 Qb6 14.h3 a4 15.Ne1 axb3
16.axb3 Ra2 17.Nd3 Nc5 18.Nc1 Raa8 19.Kh2 Rfd8 20.Bc3 Rd7 21.b4 Na6 22.c5 Nxb4
23.Qb2 Qxc5 24.Ndb3 Qh5 25.Rxd7 Nxd7 26.Bxg7 f6 27.Qd2 Ne5 28.f4 Rd8 29.Qe2 Qxe2
30.Nxe2 Nf7 31.Bxf6 Bxf6 32.Nc5 Rd2 33.Ng1 Rc2 34.Nxe6 Bxe4 35.Nf3 Bd5 36.f5 Ne5
37.Ned4 Ng4+ 38.hxg4 Bxd4 39.Kh3 Nd3 40.Kh4 Nf2  0-1

[Event "TCh-SVK"]
[Site "SVK"]
[Date "2001.02.10"]
[Round "8"]
[White "Pcola,Pa"]
[Black "Mokos,J"]
[Result "1/2-1/2"]
[WhiteElo "2368"]
[BlackElo "2181"]

1.c4 c6 2.b3 d5 3.Bb2 Bf5 4.Nf3 e6 5.d3 h6 6.g3 Nf6 7.Bg2 Be7 8.O-O O-O 9.Nbd2 Nbd7
10.Qc2 Bh7 11.Rad1 Qb6 12.Rfe1 Bc5 13.e3 Rfe8 14.Nb1 Rad8 15.Nc3 Bf8 16.e4 dxe4
17.Nxe4 Nxe4 18.dxe4 Nc5 19.Ne5 f6 20.Ng4 e5 21.Ne3 Ne6 22.Nf5 Bc5  1/2-1/2

[Event "12th Goodricke Open"]
[Site "Calcutta IND"]
[Date "2001.02.13"]
[Round "8"]
[White "Harikrishna,P"]
[Black "Ramesh,R"]
[Result "1/2-1/2"]
[WhiteElo "2514"]
[BlackElo "2467"]

1.c4 c6 2.Nf3 Nf6 3.d4 d5 4.e3 Bg4 5.h3 Bh5 6.cxd5 cxd5 7.Nc3 Nc6 8.Qb3 Rb8
9.Ne5 e6 10.Bb5 Bd6 11.Nxc6 bxc6 12.Bxc6+ Ke7 13.Qc2 Bg6 14.Qd1 Qb6 15.Ba4 Qa6
16.Bc2 Bb4 17.Bxg6 Bxc3+ 18.bxc3 hxg6 19.Qe2 Qxe2+ 20.Kxe2 Ne4 21.Ba3+ Kd7
22.Rhc1 Rhc8 23.f3 Nxc3+ 24.Kd2 Nb5 25.Rxc8 Rxc8 26.Bc5 Nd6 27.Rb1 Nc4+ 28.Kd3 Kc7
29.e4 Nb6 30.Bxb6+ axb6 31.Rc1+ Kd7 32.Rxc8 dxe4+ 33.fxe4 Kxc8 34.Kc4 Kc7
35.h4 Kc6 36.g3 Kd6 37.Kb5 Kc7 38.a3 Kb7 39.a4 Kc7 40.Ka6 f5 41.e5 Kc6 42.Ka7 Kc7
43.Ka8 Kc8  1/2-1/2

[Event "ch-ROM"]
[Site "Baile Tusnad ROM"]
[Date "2001.02.14"]
[Round "9"]
[White "Ionescu,Co"]
[Black "Manea,A"]
[Result "1-0"]
[WhiteElo "2504"]
[BlackElo "2301"]

1.c4 c6 2.Nf3 d5 3.d4 Nf6 4.Qc2 dxc4 5.Qxc4 Bf5 6.g3 e6 7.Bg2 Nbd7 8.O-O Be7
9.e3 O-O 10.Qe2 c5 11.Nbd2 Ne4 12.Rd1 Nxd2 13.Bxd2 Bc2 14.Rdc1 Be4 15.Bc3 Rc8
16.dxc5 Nxc5 17.Bd4 Qd5 18.Rd1 Qh5 19.h3 Bf6 20.Rac1 Na4 21.Bxf6 gxf6 22.g4 Qa5
23.Ne1 Bxg2 24.Nxg2 Qe5 25.Rc2 Rc5 26.Nf4 Rfc8 27.Rxc5 Nxc5 28.Nh5 Qg5 29.Qc4 a5
30.f4 Qh4 31.Qxc5  1-0

[Event "Open"]
[Site "Coria del Rio ESP"]
[Date "2001.02.16"]
[Round "3"]
[White "Matamoros Franco,C"]
[Black "Landero Luna,V"]
[Result "1-0"]
[WhiteElo "2467"]
[BlackElo "2192"]

1.c4 c6 2.e4 d5 3.exd5 cxd5 4.d4 Nf6 5.Nc3 g6 6.Qb3 Bg7 7.cxd5 O-O 8.Be2 Nbd7
9.Bf3 Nb6 10.Nge2 a5 11.a4 Bf5 12.O-O Qd6 13.Nb5 Qb4 14.Qd1 Nfxd5 15.b3 Rac8
16.Ra2 Rxc1 17.Nxc1 Nc3 18.Nxc3 Qxc3 19.Ne2 Qb4 20.Ng3 Bc8 21.d5 Rd8 22.Rd2 Nd7
23.d6 Nf6 24.Ne4 Nxe4 25.dxe7 Re8 26.Rd8 Qxe7 27.Rxe8+ Qxe8 28.Bxe4 Qxe4
29.Qd8+ Bf8 30.Qxc8 Kg7 31.Qc3+  1-0

[Event "ch-ROM Women"]
[Site "Baile Tusnad ROM"]
[Date "2001.02.18"]
[Round "11"]
[White "Calotescu,C"]
[Black "Marin,L"]
[Result "1-0"]
[WhiteElo "2206"]
[BlackElo "2196"]

1.c4 c6 2.e4 d5 3.exd5 cxd5 4.d4 Nf6 5.Nf3 Nc6 6.Nc3 Bg4 7.cxd5 Nxd5 8.Qb3 Bxf3
9.gxf3 e6 10.Qxb7 Nxd4 11.Bb5+ Nxb5 12.Qc6+ Ke7 13.Qxb5 Nxc3 14.bxc3 Qd5
15.Qxd5 exd5 16.Rb1 Kf6 17.Be3 Bd6 18.Rd1 Be5 19.Rxd5 Bxc3+ 20.Ke2 Rhb8 21.Rc1 Rc8
22.Rxc3 Rxc3 23.Bd4+ Ke6 24.Re5+ Kd6 25.Bxc3 Rc8 26.Re3  1-0

[Event "US Amateur Team East"]
[Site "Parsippany USA"]
[Date "2001.02.19"]
[Round "5"]
[White "Burnett,R"]
[Black "Zaremba,An"]
[Result "1/2-1/2"]
[WhiteElo "2417"]
[BlackElo "2293"]

1.c4 c6 2.e4 d5 3.exd5 cxd5 4.d4 Nf6 5.Nc3 e6 6.Nf3 Be7 7.a3 b6 8.Ne5 O-O
9.cxd5 Nxd5 10.Nxd5 Qxd5 11.Be2 Bb7 12.Bf3 Qa5+ 13.Bd2 Bxf3 14.Qxf3 Qd5 15.Qxd5 exd5
16.Bb4 Re8 17.Bxe7 Rxe7 18.Kd2 f6 19.Nf3 Nc6 20.Kd3 Rae8 21.Rhe1 Re4 22.b4 Nxd4
23.Rxe4 dxe4+ 24.Kxd4 exf3 25.gxf3 Re2 26.Rc1 Rd2+ 27.Ke3 Rd7 28.a4 Kf7 29.a5 bxa5
30.bxa5 Ke6 31.Ke4 Re7 32.h4 Kd6+ 33.Kf4 Re5 34.Rb1 h5 35.Rb7 g5+ 36.hxg5 fxg5+
37.Kg3 Rxa5 38.Rh7 h4+ 39.Kg4 Ke6 40.f4 gxf4 41.Kxf4 Ra2 42.Kg4 a5 43.Ra7  1/2-1/2

[Event "5th United Insurance"]
[Site "Dhaka BAN"]
[Date "2001.02.21"]
[Round "3"]
[White "Rahman,Zia"]
[Black "Abdulla,Al"]
[Result "1/2-1/2"]
[WhiteElo "2447"]
[BlackElo "2359"]

1.c4 c6 2.e4 e5 3.Nf3 Qa5 4.Nc3 Bb4 5.Na4 Nf6 6.a3 Be7 7.b4 Qc7 8.d4 d6 9.Bb2 Nbd7
10.Bd3 O-O 11.Rc1 Rd8 12.O-O Nh5 13.Re1 Nf4 14.Bf1 Ng6 15.g3 Nf6 16.Bg2 Bd7
17.Qb3 Bf8 18.c5 Be8 19.cxd6 Bxd6 20.Nc5 exd4 21.Bxd4 Nd7 22.Qc3 Nxc5 23.bxc5 Bf8
24.h4 b6 25.h5 bxc5 26.Be3 Ne7 27.Bxc5 h6 28.Be3 f6 29.Nd4 Bf7 30.g4 Qd7
31.f3 c5 32.Nb3 c4 33.Nd2 Rac8 34.Bf1 Qd6 35.Kg2 Qa6 36.Nxc4 Qa4 37.Qb4 Qd7
38.Qb2 Nc6 39.Qf2 Be6 40.Be2 Qf7 41.Bf1 Nb8 42.Nd2 Bxa3 43.Rxc8 Rxc8 44.Bxa7 Nc6
45.Bc5 Bxc5 46.Qxc5 Ne5 47.Qd6 Rc2 48.Kg3 Kh7 49.Ra1 Ba2 50.Bh3 Qa7 51.g5 hxg5
52.Bf5+ Kh6 53.Re1 Nf7 54.Qd3 Qc7+ 55.Kh3 Ne5 56.Qd4 Nc6 57.Qd3 Ne5 58.Qd4 Nc6
59.Qd3 Nb4 60.Qd4 Nc6  1/2-1/2

[Event "IV Open"]
[Site "Malaga ESP"]
[Date "2001.02.26"]
[Round "4"]
[White "Diez Gonzalez,P"]
[Black "Perez,Rod"]
[Result "1/2-1/2"]
[WhiteElo "2317"]
[BlackElo "2492"]

1.c4 c6 2.g3 d5 3.Bg2 Nf6 4.Nf3 e6 5.Qc2 Nbd7 6.d4 Be7 7.Nbd2 O-O 8.O-O b6
9.e4 dxe4 10.Nxe4 Nxe4 11.Qxe4 Bb7 12.Rd1 Qc8 13.Qe2 Re8 14.b3 c5 15.Bb2 cxd4  1/2-1/2

[Event "IV Open"]
[Site "Malaga ESP"]
[Date "2001.02.28"]
[Round "6"]
[White "Martinez Rodriguez,P"]
[Black "Ruiz Jimenez,F"]
[Result "1/2-1/2"]
[WhiteElo "2296"]
[BlackElo "2091"]

1.c4 c6 2.e4 d5 3.exd5 cxd5 4.d4 Nf6 5.Nc3 e6 6.Nf3 Bb4 7.cxd5 Nxd5 8.Qc2 Nc6
9.Be2 O-O 10.O-O Be7 11.Rd1 Bd7 12.a3 Rc8 13.Bd3 h6 14.Qe2 Na5 15.Ne5 Nb3
16.Bxh6 gxh6 17.Qg4+ Bg5 18.Nxd5 f5 19.Qf3 Nxa1 20.h4 Bxh4 21.Rxa1 exd5 22.Qxd5+ Kg7
23.Nxd7 Rf7 24.Bxf5 Rc7 25.Qe5+ Bf6 26.Qg3+ Bg5 27.Qe5+ Bf6 28.Qg3+ Bg5  1/2-1/2

[Event "Open"]
[Site "Cappelle la Grande FRA"]
[Date "2001.03.03"]
[Round "9"]
[White "Kveinys,A"]
[Black "Burmakin,V"]
[Result "1/2-1/2"]
[WhiteElo "2530"]
[BlackElo "2493"]

1.c4 c6 2.d4 d5 3.cxd5 cxd5 4.Nc3 Nc6 5.Nf3 Nf6 6.Bf4 Bf5 7.e3 e6 8.Bd3 Ng8
9.Ng1 Nb8 10.Bf1 Bb1 11.Nxb1  1/2-1/2

[Event "IV Open"]
[Site "Malaga ESP"]
[Date "2001.03.03"]
[Round "9"]
[White "Bellon Lopez,JM"]
[Black "Moreda,L"]
[Result "1-0"]
[WhiteElo "2430"]
[BlackElo "2309"]

1.c4 c6 2.Nf3 d5 3.d4 Nf6 4.e3 e6 5.Nbd2 Nbd7 6.b3 Be7 7.Bd3 O-O 8.O-O b6
9.Bb2 Bb7 10.Qe2 c5 11.Rfd1 Ne4 12.Bxe4 dxe4 13.Ne5 Nxe5 14.dxe5 Qc7 15.Qg4 Qc6
16.Nf1 Rfd8 17.Ng3 Rd3 18.Nh5 Bf8 19.Nf4 Rad8 20.Nxd3 exd3 21.a4 h5 22.Qh3 d2
23.Bc3 Rd3 24.Bxd2 Qd7 25.Qxh5 Rxd2 26.Rxd2 Qxd2 27.Rd1 Qc2 28.Rd7 Qb1+ 29.Qd1 Qe4
30.Qf3 Qg6 31.e4 Bxe4 32.Qg3 Qxg3 33.hxg3 a5 34.Rd2 f6 35.exf6 gxf6 36.Re2 Bf5
37.g4 Bxg4 38.f3 Bf5 39.g4 Bb1 40.Rxe6 Kf7 41.Rxb6 Bh6 42.Kf2 Bd2 43.Ke2 Bc3
44.Kd1 Kg6 45.Kc1 Bd3 46.Rd6 Be2 47.Re6 Be5 48.Rc6 Bd4 49.Kd2 Bxf3 50.Ra6 Bxg4
51.Rxa5 f5 52.Ra8 f4 53.Rg8+ Kf5 54.a5 f3 55.Rxg4 Kxg4 56.a6 Kg3 57.a7  1-0

[Event "Tch-NED"]
[Site "NED"]
[Date "2001.03.03"]
[Round "5"]
[White "Van der Elburg,F"]
[Black "Strating,S"]
[Result "0-1"]
[WhiteElo "2285"]
[BlackElo "2357"]

1.c4 c6 2.Nf3 d5 3.b3 Nf6 4.g3 e6 5.Bg2 b5 6.O-O Ba6 7.d3 Nbd7 8.Qc2 Be7
9.Bb2 O-O 10.e4 bxc4 11.bxc4 Rb8 12.Nbd2 Nc5 13.e5 Nfd7 14.Bc3 Nb6 15.Bd4 Nba4
16.Nb3 dxc4 17.dxc4 Rb4 18.Nbd2  0-1